000 00513nam a2200181Ia 4500
005 20250326141126.0
008 250326s9999 xx 000 0 und d
037 _aTextbook
040 _aFMSL
_beng
_cFMSL
041 _aeng
_2eng
084 _aX:973 N4
_qFMSL
100 _aRao S L
245 0 _aSuccessful negotiation:strategies and tactics for mutural gain
_cRao S L
260 _aNew Delhi
_bNew Delhi, Wheeler
_c1994
300 _a228p
942 _cTB
_hX:973 N4
999 _c1288818
_d1288818